| 000 | 01012cab a2200325 4500 | ||
|---|---|---|---|
| 001 | ABS57605 | ||
| 008 | 090401t1997 xxu||||| |||| 00| 0 eng d | ||
| 035 | _a(Sirsi) u80950 | ||
| 041 | _aeng | ||
| 100 | _aLuba, J. | ||
| 245 | _aRecent developments in housing law | ||
| 260 | _c1997 | ||
| 350 | _a0 | ||
| 490 |
_aLegal Action _vSeptember 1997, 12-19(8) |
||
| 520 | _aQuarterly series looking at developments in housing law. Covers politics and legislation, public sector, implementation of Housing Act 1996, allocations and transfers and assignment and subletting. Case law. | ||
| 650 | _aASSIGNMENT | ||
| 650 | _aHOMELESSNESS | ||
| 650 | _aHOUSING ACT 1988 | ||
| 650 | _aHOUSING ACT 1996 | ||
| 650 | _aHOUSING LAW | ||
| 650 | _aLANDLORD AND TENANT ACT 1987 | ||
| 650 | _aPOSSESSION PROCEEDINGS | ||
| 650 | _aPROTECTION FROM HARASSMENT ACT 1997 | ||
| 650 | _aRENT ACT 1977 | ||
| 650 | _aSUBLETTING | ||
| 690 | _aHOUSING | ||
| 700 | _aMadge, N. | ||
| 942 | _n0 | ||
| 948 | _c18/09/1997 | ||
| 999 |
_c50992 _d50992 |
||